00947nam a22002537a 45000010005000000030006000050050017000110080041000280200017000690400029000860820010001151000027001252450056001522600049002083000050002574900033003075050008003405200212003485210030005605210020005906000025006106500025006357000033006603450FISKH20250710105815.0240306b cb ||||| |||| 00| 0 eng d a708431211230 aFISKHbengcFISKHdFISKH a372.4 aPixar, Disnepeauthor  aToy story 3 : bTogether again / cby Disnep Pixar  aCalifornia : bLeapFrog Enterprise , c2010  a29 pages : bcolor illustrations ; c24 cm .  aLeap Frog Tag Reading system aJ  aAs Andy prepares to depart for college, Buzz, Woody and the rest of the loyal toys are troubled about their uncertain future. Teaches problem solving, character development, story building and memory skills.8 a500 bLexile estimate 8 aJ bRaz-Plus  2toy story vFiction  aTag reader vFiction aIboix ,Estudi eillustrator